000 00377nam a2200133 i 4500
001 52946
003 ES-MaACL
007 t|
008 030930s1880 fr ||||1| fre d
100 1 _aDollfus, Gustave-Frédéric.
_945032
245 1 4 _aLes dépôts quaternaires du Bassin de la Seine /
_cpar G. Dollfus.
260 _aMeulan :
_b[s.n.],
_c1880.
852 _aES-MaACL
_jT-962-F-1
999 _c52946
_d52946